Romans. (Record no. 5737)

000 -LEADER
fixed length control field 00624nam a2200193 a 4500
001 - CONTROL NUMBER
control field :::00003479$&:&@@
003 - CONTROL NUMBER IDENTIFIER
control field OkBaRHE
005 - DATE AND TIME OF LATEST TRANSACTION
control field 20000607103306.0
008 - FIXED-LENGTH DATA ELEMENTS--GENERAL INFORMATION
fixed length control field s1978 j 000 0 eng u
040 ## - CATALOGING SOURCE
Transcribing agency
100 1# - MAIN ENTRY--PERSONAL NAME
Personal name Blaiklock, E. M.
245 10 - TITLE STATEMENT
Title Romans.
260 ## - PUBLICATION, DISTRIBUTION, ETC. (IMPRINT)
Place of publication, distribution, etc London, UK:EN., :
Name of publisher, distributor, etc Scripture Union
Date of publication, distribution, etc 1978
300 ## - PHYSICAL DESCRIPTION
Extent 92 p. ;
Dimensions 21 cm.
490 0# - SERIES STATEMENT
Series statement A Bible study book. Understanding the New Testament.
650 ## - SUBJECT ADDED ENTRY--TOPICAL TERM
Topical term or geographic name as entry element Bible New Testament Romans
General subdivision Study
-- Outlines, Syllabi, etc.
942 ## - ADDED ENTRY ELEMENTS (KOHA)
Source of classification or shelving scheme
Koha item type Books
Copies
Lost status Shelving location Withdrawn status Damaged status Price effective from Source of classification or shelving scheme Full call number Not for loan Date last seen Barcode Copy number Permanent Location Date acquired Koha item type
 General Stacks  2010-04-14 BS 2665.5 .B63 2018-03-2834791RHEMA Bible Training College2010-04-14Books